Szczegóły MARC21

Traktat ustanawiający Konstytucję dla Europy podpisany w Rzymie 29 października 2004 r. (CIG 87/2/04 REV2, Bruksela, 29 października 2004 r.) /

003 -Nazwa inst., której nr kontr. jest w polu 001 [,]
    • @
    • Nazwa instytucji, której n kontrolny jest w polu 001
    • NUKAT
005 -DATA I CZAS OSTATNIEJ MODYFIKACJI [,]
    • @
    • pole kontrolne
    • 20241231112913.0
020 -Międzynarod. znormalizowany nr książki - ISBN [ , ]
    • a
    • Numer ISBN
    • 838997228X Find
040 -Instytucja sporządzająca opis [ , ]
    • a
    • Instytucja, która sporządziła opis (NP)
    • TOR U/KC
    • c
    • Instytucja, która sporządziła rekord (NP)
    • TOR U/KC
    • d
    • Instytucja, która zmodyfikowała rekord (P)
    • TOR U/LF
    • d
    • Instytucja, która zmodyfikowała rekord (P)
    • WR U/PAdjm
    • d
    • Instytucja, która zmodyfikowała rekord (P)
    • WR U/HSs
942 -Rodzaj dokumentu [ , ]
    • c
    • Rodzaj dokumentu
    • Książka
245 -Strefa tytułu i oznaczenia odpowiedzialności [0,0]
    • a
    • Tytuł
    • Traktat ustanawiający Konstytucję dla Europy podpisany w Rzymie 29 października 2004 r. (CIG 87/2/04 REV2, Bruksela, 29 października 2004 r.) / Find
    • c
    • Pozostałe elementy strefy tytułu i oznaczenia odpowiedzialności (NP)
    • [Urząd Komitetu Integracji Europejskiej. Departament Dokumentacji Europejskiej i Publikacji].
260 -Strefa adresu wydawniczego [ , ]
    • a
    • Miejsce wydania (P)
    • Warszawa :
    • b
    • Nazwa wydawcy (P)
    • Urząd Komitetu Integracji Europejskiej,
    • c
    • Data wydania (P)
    • 2004.
300 -Strefa opisu fizycznego [ , ]
    • a
    • Określenie formy książki i/lub objętość (NP)
    • 478, [2] s. ;
    • c
    • Format (NP)
    • 24 cm +
    • e
    • Oznaczenie dokumentu towarzyszącego (NP)
    • wkładka (16 s. ; 23 cm).
336 -Typ zawartości [ , ]
    • a
    • Termin opisujący typ zawartości
    • Tekst
    • b
    • Kod określający zawartość
    • txt
    • 2
    • Źródło (terminu i kodu)
    • rdacontent
337 -Typ mediów [ , ]
    • a
    • Tryb odtwarzania
    • Bez urządzenia pośredniczącego
    • b
    • Kod typu mediów
    • n
    • 2
    • Źródło (terminu i kodu)
    • rdamedia
338 -Typ/rodzaj nośnika [ , ]
    • a
    • Hasło opisujące typ nośnika
    • Wolumin
    • b
    • Kod typu nośnika
    • nc
    • 2
    • Źródło (terminu i kodu)
    • rdacarrier
500 -Uwaga ogólna [ , ]
    • a
    • Uwaga ogólna (NP)
    • Wkładka: Zestawienie błędów edytorskich w polskiej wersji Traktatu [...].
505 -Uwaga dot. zawartości książki [0, ]
    • a
    • Uwaga dot. zawartości książki
    • Protokoły i załączniki I i II do Traktatu ustanawiającego Konstytucję dla Europy (CIG 87/04 ADD1 REV1) ; Deklaracje do załączenia do Aktu Końcowego Konferencji Międzyrządowej i Akt Końcowy (CIG 87/04 ADD2 REV2).
080 -Uniwersalna Klasyfikacja Dziesiętna [ , ]
    • 2
    • Identyfikator wydania tablic
    • UDC-P058
    • a
    • Symbol klasyfikacji
    • 341.24
    • b
    • Dopowiedzenie
    • Porozumienia międzynarodowe. Traktaty, umowy międzynarodowe.
    • x
    • Poddział wspólny
    • (4-67)
    • b
    • Dopowiedzenie
    • (Kraje Unii Europejskiej).
    • x
    • Poddział wspólny
    • (094.2)
    • b
    • Dopowiedzenie
    • (Umowy i traktaty międzynarodowe).
080 -Uniwersalna Klasyfikacja Dziesiętna [ , ]
    • 2
    • Identyfikator wydania tablic
    • UDC-P058
    • a
    • Symbol klasyfikacji
    • 342.4
    • b
    • Dopowiedzenie
    • Konstytucje.
    • x
    • Poddział wspólny
    • (4-67)
    • b
    • Dopowiedzenie
    • (Kraje Unii Europejskiej).
    • x
    • Poddział wspólny
    • (094.2)
    • b
    • Dopowiedzenie
    • (Umowy i traktaty międzynarodowe).
080 -Uniwersalna Klasyfikacja Dziesiętna [ , ]
    • 2
    • Identyfikator wydania tablic
    • UDC-P058
    • a
    • Symbol klasyfikacji
    • 061.1(4-67):339.923:327.39
    • b
    • Dopowiedzenie
    • Organizacje rządowe. Organizacje międzynarodowe (rządowe).
    • x
    • Poddział wspólny
    • (094.2)
    • b
    • Dopowiedzenie
    • (Umowy i traktaty międzynarodowe).
650 -Hasło przedmiotowe [ ,7]
    • a
    • Hasło przedmiotowe
    • Prawo konstytucyjne (prawo europejskie).
    • 2
    • Źródło terminu
    • kaba
    • 9
    • KHW
    • 125802
980 -Symbol UKD [ , ]
    • a
    • UKD
    • 341.24(4-67):342.4(4-67):061.1(4-67):339.923:327.39Unia Europejska](094.2)
710 -Hasło dodatkowe - nazwa ciała zbiorowego [1, ]
    • a
    • Nazwa ciała zbiorowego lub nazwa geograficzna jako pierwszy element (NP)
    • Polska.
    • b
    • Nazwa jednostki podrzędnej (P)
    • Urząd Komitetu Integracji Europejskiej.
    • b
    • Nazwa jednostki podrzędnej (P)
    • Departament Dokumentacji Europejskiej i Publikacji.
    • 9
    • KHW
    • 39813
740 -Hasło dodatkowe - tytuł [0,2]
    • a
    • Tytuł
    • Protokoły i załączniki I i II do Traktatu ustanawiającego Konstytucję dla Europy
740 -Hasło dodatkowe - tytuł [0,2]
    • a
    • Tytuł
    • Deklaracje do załączenia do Aktu Końcowego Konferencji Międzyrządowej i Akt Końcowy
920 -ISBN [ , ]
    • a
    • ISBN
    • 83-89972-28-X Find
Sygnatura Numer inwentarzowy Status udost. Lokalizacja Data inwentaryzacji
 E.69936-2BE2006-01-09
Z.105859Z.1058591BG2006-03-06
 CDE.16101BG2006-03-06
 H.158111BNS2007-05-15
 T.9832-2T2008-02-19
 TM.9695-3T2013-12-04